Annual report 1962-63 (Record no. 66206)

MARC details
000 -LEADER
fixed length control field 00295nam a22000977a 4500
008 - FIXED-LENGTH DATA ELEMENTS--GENERAL INFORMATION
fixed length control field 230620b |||||||| |||| 00| 0 eng d
040 ## - CATALOGING SOURCE
Original cataloging agency National Science Library
Transcribing agency National Science Library
245 ## - TITLE STATEMENT
Title Annual report 1962-63
260 ## - PUBLICATION, DISTRIBUTION, ETC.
Place of publication, distribution, etc. Roorkee
Name of publisher, distributor, etc. Central building research institute
942 ## - ADDED ENTRY ELEMENTS (KOHA)
Koha item type Reports
Holdings
Withdrawn status Lost status Materials specified (bound volume or other part) Damaged status Not for loan Home library Current library Shelving location Date acquired Total Checkouts Barcode Date last seen Price effective from Koha item type
    1962-63     National Science Library National Science Library FF/Rk-23/C-1/R-2 03/09/2024   42805 03/09/2024 03/09/2024 Reports